000 01121nam a2200337 c 4500
001 57859
003 CO-BoRNBP
005 20250731173842.0
007 ta
008 231207s2023 ck a|||ar|||| 00||| spa d
020 _a9789585499249
040 _aCO-BoRNBP
_bspa
_erda
_cCO-BoRNBP
041 0 _aspa
084 _aA
100 _aRubio Herrero, Antonio,
_d1953-
_eaut
245 1 0 _aJuguetes /
_cAntonio Rubio Herrero ; ilustraciones de Óscar Villán.
250 _aEdición especial
264 1 _aBogotá, Colombia :
_bEdiciones Monserrate,
_c2023
300 _a16 páginas :
_bilustraciones a color
336 _atexto
_btxt
_2rdacontent
337 _asin mediación
_bn
_2rdamedia
338 _avolumen
_bnc
_2rdacarrier
500 _aLibro acartone
521 _aRecomendado para un público infantil a partir de los 6 años
650 0 7 _aÁlbumes infantiles españoles
_2lemb
_961835
650 0 7 _aJuguetes en la literatura
_2lemb
_92758
650 0 7 _aLiteratura infantil española
_ysiglo xxi
_2lemb
_9998
650 0 7 _aNiños en la literatura
_2lemb
_9873
700 _aVillán, Óscar
942 _2loc
_cBKLITI
999 _c57859
_d57859